Propiedades en el contorno de funciones analíticas /
Guardado en:
| Autor Principal: | |
|---|---|
| Formato: | Libro |
| Idioma: | Spanish |
| Publicado: |
[Buenos Aires] :
Departamento de Matemática, Facultad de Ciencias Exactas y Naturales, Universidad Nacional de Buenos Aires,
1959.
|
| Series: | Cursos y seminarios de matemática ;
fasc. 4 |
| Etiquetas: |
Agregar Etiqueta
Sin Etiquetas, Sea el primero en etiquetar este registro!
|
| LEADER | 00696nam a22001695a 4500 | ||
|---|---|---|---|
| 001 | MAT.inmabb000820 | ||
| 008 | 031119s1959####ag############001#0#spa#d | ||
| 005 | 20170804163950.0 | ||
| 245 | 1 | 0 | |a Propiedades en el contorno de funciones analíticas / |c Alberto González Domínguez. |
| 260 | |a [Buenos Aires] : |b Departamento de Matemática, Facultad de Ciencias Exactas y Naturales, Universidad Nacional de Buenos Aires, |c 1959. | ||
| 300 | |a 151 p. ; |c 28 cm. | ||
| 440 | 0 | |a Cursos y seminarios de matemática ; |v fasc. 4 | |
| 510 | 4 | |a MR, |c 32 #7752 | |
| 100 | 1 | |a González Domínguez, Alberto. | |
| 084 | |a 30-XX |2 msc2000 | ||
| 859 | |h 30 |i G643 |p A-634 |b BIB. MATEMATICA | ||
| 859 | |h 30 |i G643 |p A-933 |t Ej. 2 |b BIB. MATEMATICA | ||
